000 00691nam a2200289Ia 4500
005 20260324122652.0
008 008 260324s9999 xx 000 0 eng d
020 _a9780203122143
037 _aEBOOK
040 _aCRL
040 _beng
040 _cCRL
041 _2eng
041 _aeng
084 _qCRL
100 _aDavid Parker
_91043033
245 4 _aThe Official History of Privatisation, Vol. II
245 0 _bPopular Capitalism, 1987-97
260 _bTaylor and Francis
260 _c2012
365 _a
365 _b265
856 _uhttp://www.taylorfrancis.com/books/9780203122143
942 _cEBOOK
999 _c1760270
_d1760270